Statistics for Asian Countries

Click here to take the quiz!

General Stats

  • This quiz has been taken 1,299 times
  • The average score is 33 of 49

Answer Stats

HintAnswer% Correct
East AsiaChina
96%
India
92%
Japan
91%
North Korea
91%
South Korea
91%
Pakistan
85%
Indonesia
84%
Thailand
84%
Mongolia
83%
Vietnam
83%
Iran
82%
Iraq
82%
South AsiaAfghanistan
78%
Malaysia
77%
Laos
76%
Nepal
76%
Saudi Arabia
75%
South East AsiaCambodia
74%
Taiwan
73%
Turkmenistan
73%
Bangladesh
72%
Israel
72%
Yemen
72%
Oman
71%
Singapore
71%
Sri Lanka
71%
Uzbekistan
71%
Turkey
68%
Bhutan
67%
Syria
66%
Jordan
65%
Qatar
62%
Tajikistan
62%
Central AsiaKazakhstan
61%
Lebanon
60%
Georgia
59%
Philippines
59%
West AsiaArmenia
58%
Azerbaijan
57%
Kuwait
57%
Myanmar
57%
Brunei
56%
United Arab Emirates
53%
Bahrain
50%
Maldives
49%
Kyrgyzstan
45%
Cyprus
38%
Timor Leste
20%
Palestine
15%

Score Distribution

Percentile by Number Answered

Percent of People with Each Score

Your Score History

You have not taken this quiz